IFioretti di San Francesco e Il Cantico del Sole (Registro nro. 86384)

Detalles MARC
000 -ENCABEZADO
Número de control [NR] 00677nam a22001937a 4500
008 - DE LONGITUD FIJA DE DATOS DE ELEMENTOS - INFORMACIÓN GENERAL
Elementos de longitud fija [NR] 130821s1908 it gr dita
040 ## - FUENTE DE CATALOGACION [NR]
Agencia de catalogación original [NR] Co-BoUCM
Idioma de catalogación [NR] spa
041 00 - CODIGO DE IDIOMA [R]
Código de idioma para texto/pista de sonido o título separado [R] Italiano
245 00 - MENCION DE TITULO [NR]
Título [NR] IFioretti di San Francesco e Il Cantico del Sole
Mención de responsabilidad, etc. [NR] Con una introduzione di Adolfo Padovan
250 ## - MENCION DE EDICION [NR]
Mención de edición [NR] 2a. ed.
260 ## - PUBLICACION, DISTRIBUCION, ETC. (PIE DE IMPRENTA) [R]
Lugar de publicación, distribución, etc. [R] Milán (Italia)
Nombre del editor, distribuidor, etc. [R] Ulrico Hoepli
Fecha de publicación, distribución, etc. [R] 1908
300 ## - DESCRIPCION FISICA [R]
Extensión [R] 310 páginas
500 ## - NOTA GENERAL [R]
Nota general [NR] Incluye índice
600 ## - ASIENTO SECUNDARIO DE MATERIA - NOMBRE PERSONAL [R]
Nombre personal [NR] Francisco de Asís
Títulos y otras palabras asociadas con el nombre [R] Santo
Fechas asociadas con el nombre [NR] 1182-1226
9 (RLIN) 124553
600 ## - ASIENTO SECUNDARIO DE MATERIA - NOMBRE PERSONAL [R]
Nombre personal [NR] Francisco de Asís
Títulos y otras palabras asociadas con el nombre [R] Santo
Fechas asociadas con el nombre [NR] 1182-1226
Subdivisión de forma [R] Biografías
9 (RLIN) 124554
650 04 - ASIENTO SECUNDARIO DE MATERIA - TERMINO TEMATICO [R]
Término temático o nombre geográfico como elemento de entrada [NR] Biografías
9 (RLIN) 7343
942 ## - ELEMENTOS DE ENTRADA AGREGADOS (KOHA)
Tipo de ítem principal el descrito en 300a Libro
Tema principal Biografías
Edición 2
Parte restante de la signatura top. I34
Título oculto en OPAC No
Sistema de clasificación DEWEY
Clasificación 922
Existencias
Signatura topográfica Código de barras Última vez visto Volúmen / Fascículo Ejemplar Price effective from Tipo de ítem Perdido Sistema de clasificación Dañado No prestable Tipo de ítem específico Suprimido Ubicación habitual Ubicación actual Localización Fecha de creación Forma de adquisición Costo
FCS 922 I34 120001959 10/07/2012 2A. ED. Ej.1 03/02/2013 Libro   DEWEY     Fondos especiales     Archivo Histórico Archivo histórico 28/02/2003 Donación 1000.00